Formula 1 - Special Liveries #2 - Statistics

General Stats
  • This quiz has been taken 36 times
    3 since last reset
  • The average score is 24 of 27
Answer Stats
Picture Answer % Correct
2004
100%
2023
100%
2023
100%
2024
100%
2024
100%
2024
100%
2025
100%
2025
100%
2025
100%
Alpine
100%
Ferrari
100%
Japan (Suzuka)
100%
McLaren
100%
Red Bull
100%
Stake F1 Kick Sauber
100%
Visa Cash App Racing Bulls
100%
Williams
100%
Williams
100%
Belgium (Spa-Francorchamps)
67%
Jaguar
67%
Monaco (Monte Carlo)
67%
Monaco (Monte Carlo)
67%
USA (Circuit of the Americas)
67%
USA (Las Vegas)
67%
USA (Miami)
67%
USA (Miami)
67%
Singapore, Japan, Qatar
33%
No matching quizzes found
Score Distribution
Percent of People with Each Score
Percentile by Number Answered
Your Score History
You have not taken this quiz since the last reset